| 000 | 01119nam2a22002651 4500 | ||
|---|---|---|---|
| 001 | rc\3141290 | ||
| 005 | 20250530082858.0 | ||
| 021 |
_aRU _b[76-66496] |
||
| 035 | _a(NLR Aleph) 007318583 | ||
| 090 |
_a5885467 _c5885467 |
||
| 100 | _a20120615d1976 |||y0rusy50 ca | ||
| 101 | 0 | _arus | |
| 102 | _aRU | ||
| 105 | _ay z ||||| | ||
| 200 | 1 |
_aНакануне _aОтцы и дети _e[Романы _fПримеч. А.И. Батюто] |
|
| 210 |
_d1976 _aБ. м. |
||
| 215 |
_a389 с. _d20 |
||
| 320 | _aСписок лит. в примеч.: с. 337-388 | ||
| 461 | 0 |
_1001rc\3141287 _12001#$aСобрание сочинений$eВ 12 т.$fИ.С. Тургенев$gРед. коллегия: М.П. Алексеев, Г.А. Бялый$vТ. 3 _1700#1$aТургенев$bИ.С.$gИван Сергеевич _95885441 _aТургенев, И.С. _cМосква _d1975- _fИ.С. Тургенев _nХудож. лит. _oВ 12 т. _tСобрание сочинений _vТ. 3 |
|
| 702 | 1 |
_aБатюто _bА.И. _4212 |
|
| 801 | 0 |
_aRU _bNLR _gpsbo |
|
| 801 | 1 |
_aRU _bELAR _2rusmarc |
|
| 852 |
_aNLR _j76-3/1094 |
||
| 942 | _cBOOK | ||
| 980 | _aNB | ||